Quizzes
Events
Quiz Creation
Community
Videos
Private Events
Remove Ads
Sign In
Join for FREE
Feedback
Dark Mode
Quiz Categories
Sports
Geography
Music
Movies
Television
Just For Fun
Miscellaneous
History
Literature
Language
Science
Gaming
Entertainment
Religion
Holiday
For Kids
Quiz Lab
Recent
Popular Today
Quiz Kudos Today
Editor Picks
Curator Picks
Quizzes by...
Day
Popularity
Type
Ratings
Length
Year
Community
Subscriptions
Recent Discussions
Orange Saloon
Badges
Playlists
Quests
Create
Leaderboards
Showdown
Live 5
Trivia Bingo
Activity
Puzzle Library
Sporcle Events
Private Events
Virtual Trivia
Globe League
Become a Host
Pub Owners
SporcleCon
Opinionation
Our Games
Videos
Blog
Mobile Apps
Partnerships
Remove Ads and Go Orange
Feedback
Television
TV Characters
TV Show
Sitcom
Network
Friends
Reality Shows
Cast
South Park
Star Trek
The Simpsons
Doctor Who
Television
TV Characters
TV Show
Sitcom
Network
Friends
Reality Shows
Cast
South Park
Star Trek
The Simpsons
Doctor Who
Random Quiz
Search Sporcle
×
Quiz Lab
Quiz Lab
Television
Show
Type in answers that appear in a list
Type in answers that appear in a list
Classic
Best Score? Go Orange.
TV Titles by Antonym: Animated Edition Stats
Can you name the animated show's real names, based only on the opposites of the words in the title?
By
Big_Bear
8m
20 Questions
579 Plays
579 Plays
579 Plays
Comments
Comments
Give Quiz Kudos
Give Quiz Kudos
-
- Ratings
hide this ad
Replay
Link that replays current quiz
Next Quiz
Link to next quiz in quiz playlist
You Got
0%
They Got
Avg Score
34%
Avg Friend Score
Upgrade to see
Score Distribution
Jump to the score distribution portion of the page
Score
0/20
Timer
08:00
0
Plays Today
Antonym
Show
% Correct
Rockbill Circleshirts
Spongebob Squarepants
73.1%
Shaggy-
don't, What am I?
Scooby-Doo, Where are You?
69.3%
Overcat
Underdog
65.5%
North Street
South Park
57.2%
Coward the Brave Cat
Courage the Cowardly Dog
55.3%
Russian Son!
American Dad!
54.6%
Jane Proton: Girl Dummy
Jimmy Neutron: Boy Genius
48.9%
The Softy and Cowblinkle Show
The Rocky and Bullwinkle Show
47.3%
Classtime
Recess
39.9%
Friend Girl
Family Guy
31.4%
Antonym
Show
% Correct
Extremely Normal Children
Fairly Oddparents
25.9%
Land Adult Thirst Club
Aqua Teen Hunger Force
24.9%
Normalwoman
Superman
24.9%
Ceilingmice
Rugrats
19.3%
Ricky Rat Individual
Mickey Mouse Club
13.1%
The Daystarters
The Weekenders
12.8%
Water Girl
Astro Boy
5.9%
The Shipdads
The Jetsons
4.5%
The Park Walker Show
The Road Runner Show
4.3%
Giants Rabbit and Roary Show
Bugs Bunny and Tweety Show
3.1%
Quiz Playlist
Details
Report
Send in Message
Add To Playlist
Classic:
Type in answers that appear in a list
Last Updated: Feb 16, 2017
Quiz Scoreboard
CHALLENGE
Sign Up to Join the Scoreboard
Show All
Scores
Hide
Comments
May contain spoilers
Recently Published
Movies - When Are They Set?
by FPL_Elf
Movies
5m
Popular People in 1961
by mucciniale
History
6m
1-10 Letter E Words III
by El_Dandy
Language
2m
More to Explore
Quiz From the Vault
Featured Blog Post
Where Did the Easter Bunny Come From?
hide this ad
You Might Also Like...
Tags
Animation Quiz
Show Quiz
Antonym
Edition
opposite
Today's Top Quizzes in Television
Browse Television
hide this ad
Today's Top Quizzes in Show
Browse Show
Top Contributed Quizzes in Television
1
One Piece Logic Puzzle
2
Survivor Logic Puzzle: Heroes vs. Villains
3
Survivor Seasons
4
Survivor Season by Logo
5
Survivor Trivia
6
One Thing in Common: Television
7
Who Wants to Be a Millionaire?
8
Survivor Logic Puzzle: Winners at War
9
Ultimate Survivor Logic Puzzle
10
Phoebe Buffay Quotes
Explore More
Trending Topics
Marvel
Kpop
Disney
NBA
Crossword
Harry Potter
Anime
Soccer
Pokémon
NFL
Song
Country
Puzzle
The Office
WWE
hide this ad
More By:
Big_Bear
Quiz
Plays
Rating
Category
Featured
Created
N64 Controller
7,944
2.70
Gaming
Nov 11, 2009
GameCube Controller
4,126
3.53
Gaming
Nov 19, 2009
Nintendo 64 Trivia
3,779
3.10
Gaming
Nov 11, 2009
Fast Food Places by Most Popular Item
3,183
2.00
Just For Fun
Feb 3, 2010
Profile: Link
2,941
3.36
Gaming
Dec 15, 2010
Go to Creator's Profile
Score Distribution
Quiz Creator Spotlight
Big_Bear
Follow
Send a Message
Quizzes Created
-
Created Quiz Play Count
-
More By This Creator
Popular Quizzes Today
1
Find the Countries of Europe - No Outlines Minefield
2
Find the US States - No Outlines Minefield
3
The Countries of the World
4
Popular People in 1961
5
1-10 Letter E Words III
6
US States
7
Find the US States
8
One Thing in Common: World Cities II
More Television Quizzes
Survivor Contestants with Disabilities
Quiz Lab
Trending Quizzes
Risky Map Clicking: Least Populous States A-Z
1-10 Letter F Words
Humor Books: The Subtitles
1-10 Letter G Words
One Thing in Common: United Kingdom
Recently Updated
Leaping Animals
pecheneg
Reality TV Shows (A-Z)
bhenderson79
Rickey Henderson's Hall of Fame Teammates
pecheneg
Champions League XIs: Arsenal
pecheneg
Quick Pick: Celebrities in WWE's Hall of Fame
aduchscher
A-Z Keypad Blitz II
pecheneg
Multiple Oscar Actors
pecheneg
Mystery Phrase Blitz: Oscar 'Best Actors'
pecheneg
F. Scott Fitzgerald Novels
LTH
Pick 3 Villains
ddd62291
Trending Topics
Harry Potter
Anime
Kpop
Disney
Crossword
Marvel
NBA
NFL
Soccer
The Office
Pokémon
Puzzle
WWE
Country
Song
Your Account Isn't Verified!
In order to create a playlist on Sporcle, you need to verify the email address you used during registration. Go to your
Sporcle Settings
to finish the process.
Report this User
Report this user for behavior that violates our
Community Guidelines
.
Details:
Send Report
Go to the Sporcle.com Mobile Site →
Comments